000 00356nam a2200121Ia 4500
008 220216s9999 xx 000 0 und d
100 _aNair V K B
245 0 _aProgress of investigations on the improvement of rubber planting materials in India
260 _bRubber Board Bulletin
_c1965-66
300 _a201-210
700 _aPanikkar A O N
942 _cJS
999 _c65910
_d65910